<?xml version="1.0" encoding="UTF-8"?>
<record
    xmlns:xsi="http://www.w3.org/2001/XMLSchema-instance"
    xsi:schemaLocation="http://www.loc.gov/MARC21/slim http://www.loc.gov/standards/marcxml/schema/MARC21slim.xsd"
    xmlns="http://www.loc.gov/MARC21/slim">

  <leader>00641    a2200217   4500</leader>
  <controlfield tag="003">UA-OsUOA</controlfield>
  <controlfield tag="005">20260508154148.0</controlfield>
  <controlfield tag="008">260508b        un ||||| |||| 00| 0 ukr d</controlfield>
  <datafield tag="040" ind1=" " ind2=" ">
    <subfield code="a">UA-OsUOA</subfield>
    <subfield code="b">eng</subfield>
    <subfield code="c">UA-OsUOA</subfield>
    <subfield code="d">UA-OsUOA</subfield>
  </datafield>
  <datafield tag="041" ind1=" " ind2=" ">
    <subfield code="a">eng</subfield>
  </datafield>
  <datafield tag="080" ind1=" " ind2=" ">
    <subfield code="a">94(38)</subfield>
  </datafield>
  <datafield tag="090" ind1=" " ind2=" ">
    <subfield code="a">94(38)</subfield>
    <subfield code="b">E35</subfield>
  </datafield>
  <datafield tag="100" ind1=" " ind2=" ">
    <subfield code="a">Ehrenberg V.</subfield>
    <subfield code="9">25206</subfield>
  </datafield>
  <datafield tag="245" ind1=" " ind2=" ">
    <subfield code="a">The Greek State</subfield>
  </datafield>
  <datafield tag="260" ind1=" " ind2=" ">
    <subfield code="b">The Norton Library</subfield>
    <subfield code="c">1964</subfield>
    <subfield code="a">New York </subfield>
  </datafield>
  <datafield tag="300" ind1=" " ind2=" ">
    <subfield code="a">280 p.</subfield>
  </datafield>
  <datafield tag="650" ind1=" " ind2=" ">
    <subfield code="2">UDC</subfield>
    <subfield code="a">94 &#x412;&#x441;&#x435;&#x441;&#x432;&#x456;&#x442;&#x43D;&#x44F; &#x456;&#x441;&#x442;&#x43E;&#x440;&#x456;&#x44F;</subfield>
    <subfield code="9">1868</subfield>
  </datafield>
  <datafield tag="942" ind1=" " ind2=" ">
    <subfield code="c">BK</subfield>
    <subfield code="2">udc</subfield>
  </datafield>
  <datafield tag="955" ind1=" " ind2=" ">
    <subfield code="a">4</subfield>
  </datafield>
  <datafield tag="999" ind1=" " ind2=" ">
    <subfield code="c">580683</subfield>
    <subfield code="d">580683</subfield>
  </datafield>
  <datafield tag="952" ind1=" " ind2=" ">
    <subfield code="0">0</subfield>
    <subfield code="1">0</subfield>
    <subfield code="2">udc</subfield>
    <subfield code="4">0</subfield>
    <subfield code="7">0</subfield>
    <subfield code="a">300</subfield>
    <subfield code="b">300</subfield>
    <subfield code="d">2026-05-08</subfield>
    <subfield code="e">&#x2116;15/06.05.2026 (&#x406;&#x414;&#x423;&#x414;)</subfield>
    <subfield code="g">1.00</subfield>
    <subfield code="i">300899</subfield>
    <subfield code="l">0</subfield>
    <subfield code="o">94(38) E35</subfield>
    <subfield code="p">300899</subfield>
    <subfield code="r">2026-05-08 15:43:55</subfield>
    <subfield code="v">1.00</subfield>
    <subfield code="w">2026-05-08</subfield>
    <subfield code="y">BK</subfield>
    <subfield code="z">&#x41A;&#x43D;&#x438;&#x433;&#x443; &#x43E;&#x442;&#x440;&#x438;&#x43C;&#x430;&#x43D;&#x43E; &#x432; &#x434;&#x430;&#x440; &#x432;&#x456;&#x434; &#x420;&#x43E;&#x43C;&#x430;&#x43D;&#x430; &#x404;&#x440;&#x438;&#x43D;&#x44E;&#x43A;&#x430;</subfield>
  </datafield>
</record>
